000 00638nam a2200241 a 4500
001 13544
003 BD-JhCC
005 20240123111019.0
008 240123b2017 sa |||| ||a| 000 0 eng d
020 _a9786035012959
035 _a(BD-JhCC)13544
040 _aBD-JhCC
_dBD-JhCC
041 _aenglish
082 _a027.67
_bNAG 2017
100 _aNagy,Luqman
245 _aBayt Al-Hikmah:
_bThe House Of Scientific Wisdom /
_cLuqman Nagy,
260 _aRiyadh:
_bIIPH;
_c2017.
300 _a112 p. :
_bill;
_c17 cm.
650 _aIslamic Learning and Scholarship
650 _aIslamic Libraries
942 _2ddc
_cBK
999 _c13544
_d13544